[Event "Africa-ch U14 Girls"]
[Site "Windhoek"]
[Date "2019.12.20"]
[Round "8.3"]
[White "Joubert, Natasha"]
[Black "Sarah, Momanyi Mukeira"]
[Result "1-0"]
[WhiteElo "1189"]
[BlackElo "1083"]
[PlyCount "25"]
[EventDate "2019.12.16"]
[EventType "swiss"]
[EventRounds "9"]
[EventCountry "NAM"]
[SourceTitle "EXT 2024"]
[Source "ChessBase"]
[SourceDate "2023.10.10"]
[SourceVersion "1"]
[SourceVersionDate "2023.10.10"]
[SourceQuality "1"]

1. e4 g6 2. d4 Bg7 3. Nc3 d6 4. Be3 Nf6 5. Qd2 Nbd7 6. Nf3 e6 7. Bg5 e5 8. dxe5 dxe5 9. Rd1 c6 10. Nxe5 Qa5 11. Bxf6 Nxf6 12. Nc4 Qc5 13. Qd8# 1-0

[Event "Africa-ch U14 Girls"]
[Site "Windhoek"]
[Date "2019.12.20"]
[Round "7.4"]
[White "Shriyan Santosh, Priyasha"]
[Black "Sarah, Momanyi Mukeira"]
[Result "0-1"]
[WhiteElo "1043"]
[BlackElo "1083"]
[PlyCount "40"]
[EventDate "2019.12.16"]
[EventType "swiss"]
[EventRounds "9"]
[EventCountry "NAM"]
[SourceTitle "EXT 2024"]
[Source "ChessBase"]
[SourceDate "2023.10.10"]
[SourceVersion "1"]
[SourceVersionDate "2023.10.10"]
[SourceQuality "1"]

1. e4 g6 2. d4 Nf6 3. Nc3 d6 4. f3 Nbd7 5. Be3 Bg7 6. Qd2 b6 7. Bh6 0-0 8. Bxg7 Kxg7 9. h4 e5 10. Nge2 Qe7 11. g4 exd4 12. Nxd4 d5 13. Qg2 Bb7 14. Bd3 Qb4 15. Nb3 dxe4 16. a3 exf3 17. Qf2 Rae8+ 18. Kf1 Qxg4 19. Rg1 Qh3+ 20. Rg2 fxg2+ 0-1

[Event "Africa-ch U14 Girls"]
[Site "Windhoek"]
[Date "2019.12.19"]
[Round "5.1"]
[White "Gabatshwarwe, Refilwe"]
[Black "Sarah, Momanyi Mukeira"]
[Result "1-0"]
[WhiteElo "1693"]
[BlackElo "1083"]
[PlyCount "63"]
[EventDate "2019.12.16"]
[EventType "swiss"]
[EventRounds "9"]
[EventCountry "NAM"]
[SourceTitle "EXT 2024"]
[Source "ChessBase"]
[SourceDate "2023.10.10"]
[SourceVersion "1"]
[SourceVersionDate "2023.10.10"]
[SourceQuality "1"]

1. d4 g6 2. Bf4 Bg7 3. Nf3 Nf6 4. e3 d5 5. Bd3 Nc6 6. c3 Bg4 7. Nbd2 Nd7 8. Qa4 a6 9. h3 b5 10. Qc2 Bxf3 11. Nxf3 Nf6 12. a4 Nh5 13. Bh2 b4 14. a5 0-0 15. Qa4 Qd7 16. cxb4 Rfb8 17. Rc1 Rxb4 18. Qxc6 Qxc6 19. Rxc6 Rxb2 20. 0-0 Rb3 21. Bxa6 Nf6 22. Bxc7 h5 23. Ra1 Ne8 24. Bg3 f6 25. Bc8 g5 26. Be6+ Kf8 27. Bxd5 Rab8 28. Bxb3 Rxb3 29. a6 h4 30. Bh2 Nd6 31. Bxd6 exd6 32. a7 1-0